000 01511nam a2200241Ia 4500
999 _c38125
_d38125
001 4113
003 GE_BSU
005 20190919112704.0
008 181216s1979||||ge |||||||||||||| ||geo||
040 _cGE_BSU
041 _ageo
080 _a39(479.22)+68(479.22) მ-36
245 _aმასალები საქართველოს შინამრეწველობისა და წვრილი ხელოსნობის ისტორიისათვის : 5 ტომად :
_bტ. 2. ნაწ. 1. მეჭურჭლეობა /
_cი. ჯავახიშვილის საერთო რედ.
264 _aთბ.:
_bმეცნიერება,
_c1979.
300 _a331 გვ. :
_b13 ფ. ტაბ. ,
_c26 სმ. .
501 _aსაძიებლები: გვ. 276-315.
653 _a შინამრეწველობის ისტორია საქართველოში
653 _aწვრილი ხელოსნობის ისტორია საქართველოში
653 _aჭურჭლის წარმოება საქართველოში
700 _aჯავახიშვილი, ი.
_eრედაქტორი
_94110
710 _aსაქ. სსრ მეცნ. აკად., ივ. ჯავახიშვილის სახ. ისტორიის, არქეოლ. და ეთნოგრ. ინ-ტი.
_91566
942 _cBK
_2udc